000
00272nam a22001217a 4500
003
SGT
082
_a
616.024
_b
K17K
100
_a
KUMAR, PARVEEN
245
_a
KUMAR & CLARK'S CLINICAL MEDICINE
260
_a
INDIA
_b
ELSEVIER
_c
2017
300
_a
1437
942
_2
ddc
_c
BK
_0
6
999
_c
14871
_d
14871